| 000 | 01190cam a22003614a 4500 | ||
|---|---|---|---|
| 999 |
_c28745 _d28716 |
||
| 001 | 12711316 | ||
| 003 | EG-ScBUE | ||
| 005 | 20200919122339.0 | ||
| 008 | 020320t2003 inua f d 001 0 eng d | ||
| 020 | _a0672324296 | ||
| 020 | _a9780672324291 | ||
| 040 |
_aDLC _beng _erda _cDLC _dEG-ScBUE |
||
| 041 | 0 |
_aeng _beng |
|
| 082 | 0 | 4 |
_a620.112 _bSVG _222 |
| 245 | 0 | 0 |
_aSVG unleashed / _cAndrew Watt [and seven others] |
| 264 | 1 |
_aIndiana : _bSAMS _c[2003] |
|
| 264 | 4 | _cc2003 | |
| 300 |
_axxiii, 1117 pages : _billustrations ; _c23 cm |
||
| 336 |
_2rdacontent _atext _btxt |
||
| 337 |
_2rdamedia _aunmediated _bn |
||
| 338 |
_2rdacarrier _avolume _bnc |
||
| 500 | _aIncludes index. | ||
| 500 | _aIncludes glossary. | ||
| 546 | _aIn English; summary in English. | ||
| 650 | 7 |
_aComputer graphics. _2BUEsh |
|
| 650 | 7 |
_aSVG (Document markup language) _2BUEsh |
|
| 653 |
_bGGEN _cSeptember2020 |
||
| 655 |
_vReading book _934232 |
||
| 700 | 1 |
_aWatt, Andrew, _d1953- _eauthor. |
|
| 906 |
_a7 _bcbc _corignew _d2 _eepcn _f20 _gy-gencatlg |
||
| 942 |
_2ddc _cBB |
||